| 000 | 00875cam a2200325M 4500 | ||
|---|---|---|---|
| 001 | 94743 | ||
| 005 | 20230411090052.0 | ||
| 008 | 080417s2008 sp a 000 0 spa d | ||
| 035 | _a(OCoLC)ocn434415702 | ||
| 040 |
_aBNM _erdc _bspa _cBNM |
||
| 015 | _aMON0807 | ||
| 017 | _aM 14290-2008 | ||
| 020 | _a9788495427854 | ||
| 020 | _a8495427850 | ||
| 035 | _a(OCoLC)434415702 | ||
| 041 | 1 |
_aspa _hpor |
|
| 080 | _a913(469.411 L.) | ||
| 049 | _aGRAL | ||
| 100 | 1 |
_aPessoa, Fernando _d1888-1935. |
|
| 245 | 1 | 0 |
_aLisboa _cFernando Pessoa ; traducción e introducción de Rogelio Ordoñez Blanco. |
| 250 | _a1a. ed. | ||
| 260 |
_aMadrid _bEneida _c2008. |
||
| 300 |
_a91 p. _c21 cm. |
||
| 490 | 1 |
_aBiblioteca ensayo _v7 |
|
| 651 | 7 |
_aLisboa _xDescripción. |
|
| 830 | 0 |
_aBiblioteca Ensayo (Madrid) _v7. |
|
| 942 |
_2lcc _cbk |
||
| 994 |
_aC0 _bDRFGD |
||
| 946 | _aJP | ||
| 999 |
_c111941 _d111941 |
||